Ekonomika atomnoj energetiki : Osnovy technologii i ekonomiki jadernogo topliva /
Na minha lista:
| Main Authors: | , |
|---|---|
| Formato: | Livro |
| Idioma: | russo |
| Publicado em: |
Moskva :
Energoatomizdat,
1984
|
| Edição: | 2.izd. |
| Assuntos: | |
| Tags: |
Sem tags, seja o primeiro a adicionar uma tag!
|
MARC
| LEADER | 00000nam a22000003a 4500 | ||
|---|---|---|---|
| 001 | stu41978 | ||
| 005 | 20150617225701.3 | ||
| 008 | 940203s1984----xxr-----------------rus-d | ||
| 040 | |a STU |b slo | ||
| 041 | 0 | |a rus | |
| 044 | |a xxr | ||
| 080 | |a 621.039.033 | ||
| 100 | 1 | |a Sinev, Nikolaj M |4 aut | |
| 245 | 1 | |a Ekonomika atomnoj energetiki : |b Osnovy technologii i ekonomiki jadernogo topliva / |c [aut.]Nikolaj M. Sinev, B.B. Baturov | |
| 250 | |a 2.izd. | ||
| 260 | |a Moskva : |b Energoatomizdat, |c 1984 | ||
| 300 | |a 390 s | ||
| 650 | 7 | |a technika jadrová |2 stusub | |
| 650 | 7 | |a ekonomika |2 stusub | |
| 700 | 1 | |a Baturov, Boris B |4 aut | |
| 996 | |b 284M061690 |c M*1862-1 |l MMKN |s A |a 24 |w stu41978_0001 | ||